Czy znasz ten region? - Statystyki

Ogólne statystyki
  • Ten quiz został rozwiązany 264 razy
    258 od ostatniego zresetowania
  • Średni wynik to 62 z 80
Statystyki odpowiedzi
Zagadnienie Komórka Select % Poprawnych
Kraje należące do krajów nordyckich ? Białoruś Nie
99%
Kraje należące do krajów nordyckich ? Polska Nie
99%
Kraje należące do krajów nordyckich ? Węgry Nie
99%
Kraje należące do krajów nordyckich ? Holandia Nie
97%
Kraje należące do krajów nordyckich ? Niemcy Nie
97%
Kraje należące do krajów nordyckich ? Norwegia Tak
97%
Kraje należące do krajów nordyckich ? Rosja Nie
97%
Kraje należące do krajów nordyckich ? Irlandia Nie
96%
Kraje należące do krajów nordyckich ? Litwa Nie
96%
Kraje należące do krajów nordyckich ? Łotwa Nie
96%
Kraje należące do krajów nordyckich ? Szkocja Nie
94%
Kraje należące do krajów nordyckich ? Szwecja Tak
94%
kraje, które są w Ameryce Południowej ? Nikaragua Nie
93%
kraje należące do krajów bałtyckich ? Czechy Nie
92%
kraje należące do krajów bałtyckich ? Islandia Nie
92%
kraje, które są w Ameryce Południowej ? Kuba Nie
92%
kraje należące do krajów bałtyckich ? Luksemburg Nie
92%
kraje, które są w Ameryce Południowej ? Meksyk Nie
92%
kraje należące do krajów bałtyckich ? Belgia Nie
91%
kraje należące do krajów bałtyckich ? Białoruś Nie
90%
Kraje należące do krajów nordyckich ? Finlandia Tak
90%
kraje, które są w Ameryce Południowej ? Honduras Nie
90%
kraje, które są w Ameryce Południowej ? Brazylia Tak
89%
kraje należące do krajów bałtyckich ? Holandia Nie
89%
kraje, które są w Ameryce Południowej ? Peru Tak
89%
kraje, które są w Ameryce Południowej ? Chile Tak
87%
Kraje należące do krajów nordyckich ? Estonia Nie
87%
kraje, które są w Ameryce Południowej ? Kolumbia Tak
87%
kraje, które są w Ameryce Południowej ? Paragwaj Tak
87%
kraje, które są w Ameryce Południowej ? Wenezuela Tak
87%
Kraje należące do krajów nordyckich ? Dania Tak
86%
kraje należące do krajów bałtyckich ? Łotwa Tak
86%
kraje, które są w Ameryce Południowej ? Urugwaj Tak
86%
kraje, które są w Ameryce Południowej ? Boliwia Tak
85%
kraje, które są w Ameryce Południowej ? Ekwador Tak
85%
kraje należące do krajów bałtyckich ? Estonia Tak
85%
kraje należące do krajów bałtyckich ? Litwa Tak
85%
kraje, które są w Ameryce Południowej ? Panama Nie
82%
kraje należące do Maghrebu ? Hiszpania Nie
80%
kraje należące do Maghrebu ? Włochy Nie
80%
Kraje należące do krajów nordyckich ? Islandia Tak
79%
kraje, które znajdują się w "Rogu Afryki" ? Malawi Nie
79%
kraje należące do krajów bałtyckich ? Norwegia Nie
79%
kraje należące do Maghrebu ? Grecja Nie
78%
kraje należące do Maghrebu ? Malta Nie
77%
kraje, które znajdują się w "Rogu Afryki" ? Sudan Nie
77%
kraje, które znajdują się w "Rogu Afryki" ? Zambia Nie
77%
kraje, które znajdują się w "Rogu Afryki" ? Zimbabwe Nie
76%
kraje, które znajdują się w "Rogu Afryki" ? Botswana Nie
75%
kraje, które znajdują się w "Rogu Afryki" ? Sudan Południowy Nie
75%
kraje, które znajdują się w "Rogu Afryki" ? Tanzania Nie
75%
kraje należące do Maghrebu ? Etiopia Nie
74%
kraje, które są w Ameryce Południowej ? Gujana Tak
74%
kraje, które znajdują się w "Rogu Afryki" ? Eswatini Nie
73%
kraje, które znajdują się w "Rogu Afryki" ? Lesotho Nie
73%
kraje, które znajdują się w "Rogu Afryki" ? Mozambik Nie
73%
kraje, które są w Ameryce Południowej ? Surinam Tak
72%
kraje należące do Maghrebu ? Cypr Nie
71%
kraje, które znajdują się w "Rogu Afryki" ? Kenia Nie
68%
kraje należące do Maghrebu ? Izrael Nie
67%
kraje należące do krajów bałtyckich ? Niemcy Nie
65%
kraje, które znajdują się w "Rogu Afryki" ? Republika Południowej Afryki Nie
65%
kraje należące do krajów bałtyckich ? Rosja Nie
64%
kraje należące do Maghrebu ? Turcja Nie
64%
kraje należące do krajów bałtyckich ? Dania Nie
63%
kraje należące do krajów bałtyckich ? Finlandia Nie
63%
kraje należące do Maghrebu ? Liban Nie
62%
kraje należące do krajów bałtyckich ? Szwecja Nie
61%
kraje należące do Maghrebu ? Irak Nie
60%
kraje, które znajdują się w "Rogu Afryki" ? Somalia Tak
58%
kraje, które znajdują się w "Rogu Afryki" ? Erytrea Tak
54%
kraje, które znajdują się w "Rogu Afryki" ? Etiopia Tak
54%
kraje należące do krajów bałtyckich ? Polska Nie
54%
kraje należące do Maghrebu ? Maroko Tak
53%
kraje, które znajdują się w "Rogu Afryki" ? Dżibuti Tak
52%
kraje należące do Maghrebu ? Algieria Tak
51%
kraje należące do Maghrebu ? Libia Tak
50%
kraje należące do Maghrebu ? Tunezja Tak
49%
kraje należące do Maghrebu ? Sahara Zachodnia Tak
41%
kraje należące do Maghrebu ? Mauretania Tak
38%
Nie znaleziono quizów pasujących do podanych kryteriów
Rozkład punktacji
Procent ludzi z każdym wynikiem
Percentyl według liczby udzielonych odpowiedzi
Twoja historia wyników
Nie rozwiązałeś tego quizu od ostatniego zresetowania